| 000 | 00939nam a22003017a 4500 | ||
|---|---|---|---|
| 003 | CHAP | ||
| 005 | 20220329143303.0 | ||
| 008 | 080214d2007 uk r 00110 eng d | ||
| 010 | _a94446 | ||
| 011 | _a95418 | ||
| 020 | _a9781842653654 | ||
| 035 | _a106043 | ||
| 040 | _cCHAP | ||
| 082 | 0 | 4 |
_a517.6 _bS4 _22007 |
| 100 | 1 |
_aSharma, Jagan Nath _9105507 |
|
| 245 | 1 | 0 |
_aNumerical methods for engineers and scientists _c/by J. N. Sharma |
| 250 | _a2 ed. | ||
| 260 |
_aOxford : _bAlpha Science International Ltd., _c2007 |
||
| 300 | _axv, 369 p. | ||
| 590 |
_aBATCH-UPD _b10 _c20130110 _lUCH01 _h0700 |
||
| 590 |
_aBATCH-UPD _b10 _c20130410 _lUCH01 _h0345 |
||
| 590 |
_aBATCH-UPD _b10 _c20130914 _lUCH01 _h0953 |
||
| 590 |
_aCONVERSION _b10 _c20130109 _lUCH01 _h1352 |
||
| 650 | 1 | 4 |
_aCálculo numérico. _923997 |
| 901 | _aBK | ||
| 942 | _cLIBRO | ||
| 949 |
_a517.6 S4 2007 _bBC _cLIBRO _d33724002049108 _eLIBRO _gI.c/e _h109065 _i106043 _si _t$950.00 |
||
| 999 |
_c94446 _d94446 |
||